<?xml version="1.0" encoding="UTF-8"?>
<record
    xmlns:xsi="http://www.w3.org/2001/XMLSchema-instance"
    xsi:schemaLocation="http://www.loc.gov/MARC21/slim http://www.loc.gov/standards/marcxml/schema/MARC21slim.xsd"
    xmlns="http://www.loc.gov/MARC21/slim">

  <leader>01319nam0a2200301 i 4500</leader>
  <controlfield tag="001">RU\NLR\BIBL_A\011272977</controlfield>
  <controlfield tag="005">20240726221250.0</controlfield>
  <datafield tag="010" ind1=" " ind2=" ">
    <subfield code="a">9785447452353</subfield>
  </datafield>
  <datafield tag="035" ind1=" " ind2=" ">
    <subfield code="a">(NLR Aleph) 011272977</subfield>
  </datafield>
  <datafield tag="090" ind1=" " ind2=" ">
    <subfield code="a">10828155</subfield>
    <subfield code="c">10828155</subfield>
  </datafield>
  <datafield tag="100" ind1=" " ind2=" ">
    <subfield code="a">20161116d2016    um y0rusy50      ca</subfield>
  </datafield>
  <datafield tag="101" ind1="0" ind2=" ">
    <subfield code="a">rus</subfield>
  </datafield>
  <datafield tag="102" ind1=" " ind2=" ">
    <subfield code="a">RU</subfield>
  </datafield>
  <datafield tag="105" ind1=" " ind2=" ">
    <subfield code="a">a|||z|||000gy</subfield>
  </datafield>
  <datafield tag="200" ind1="1" ind2=" ">
    <subfield code="a">&#x41E;&#x434;&#x438;&#x43D;&#x43E;&#x447;&#x435;&#x441;&#x442;&#x432;&#x43E; &#x432; &#x43A;&#x432;&#x430;&#x434;&#x440;&#x430;&#x442;&#x435;</subfield>
    <subfield code="e">&#x438;&#x437; &#x446;&#x438;&#x43A;&#x43B;&#x430; &#xAB;&#x414;&#x43D;&#x435;&#x432;&#x43D;&#x438;&#x43A;&#x438; &#x441;&#x43E;&#x432;&#x440;&#x435;&#x43C;&#x435;&#x43D;&#x43D;&#x438;&#x43A;&#x430;&#xBB;</subfield>
    <subfield code="e">(&#x433;&#x440;&#x430;&#x436;&#x434;&#x430;&#x43D;&#x441;&#x43A;&#x430;&#x44F; &#x43F;&#x43E;&#x44D;&#x437;&#x438;&#x44F;)</subfield>
    <subfield code="f">&#x414;&#x43C;&#x438;&#x442;&#x440;&#x438;&#x439; &#x42E;&#x440;&#x44C;&#x435;&#x432;&#x438;&#x447; &#x428;&#x43E;&#x440;&#x441;&#x43A;&#x438;&#x43D;</subfield>
  </datafield>
  <datafield tag="210" ind1=" " ind2=" ">
    <subfield code="a">[&#x411;. &#x43C;.]</subfield>
    <subfield code="c">&#x418;&#x437;&#x434;&#x430;&#x442;&#x435;&#x43B;&#x44C;&#x441;&#x43A;&#x438;&#x435; &#x440;&#x435;&#x448;&#x435;&#x43D;&#x438;&#x44F;</subfield>
    <subfield code="d">2016</subfield>
  </datafield>
  <datafield tag="215" ind1=" " ind2=" ">
    <subfield code="a">39, [1] &#x441;.</subfield>
    <subfield code="c">&#x438;&#x43B;.</subfield>
    <subfield code="d">20</subfield>
  </datafield>
  <datafield tag="300" ind1=" " ind2=" ">
    <subfield code="a">&#x41D;&#x430; 4-&#x439; &#x441;. &#x43E;&#x431;&#x43B;. &#x430;&#x432;&#x442;.: &#x414;.&#x42E;. &#x428;&#x43E;&#x440;&#x441;&#x43A;&#x438;&#x43D; &#x434;.&#x447;&#x43B;. &#x441;&#x43E;&#x44E;&#x437;&#x430; &#x43F;&#x438;&#x441;&#x430;&#x442;&#x435;&#x43B;&#x435;&#x439; "&#x41D;&#x43E;&#x432;&#x44B;&#x439; &#x421;&#x43E;&#x432;&#x440;&#x435;&#x43C;&#x435;&#x43D;&#x43D;&#x438;&#x43A;"</subfield>
  </datafield>
  <datafield tag="327" ind1="1" ind2=" ">
    <subfield code="a">&#x421;&#x43E;&#x434;&#x435;&#x440;&#x436;.: &#x420;&#x430;&#x43D;&#x435;&#x435; (2001-2007); &#x41A;&#x440;&#x430;&#x439;&#x43D;&#x435;&#x435; (2008-2015); &#x41E;&#x434;&#x438;&#x43D;&#x43E;&#x447;&#x435;&#x441;&#x442;&#x432;&#x43E; &#x432; &#x43A;&#x432;&#x430;&#x434;&#x440;&#x430;&#x442;&#x435;: &#x43C;&#x438;&#x43D;&#x438;-&#x441;&#x435;&#x440;&#x438;&#x430;&#x43B;</subfield>
  </datafield>
  <datafield tag="333" ind1=" " ind2=" ">
    <subfield code="a">18+</subfield>
  </datafield>
  <datafield tag="488" ind1=" " ind2="0">
    <subfield code="1">2001#$a&#x414;&#x43D;&#x435;&#x432;&#x43D;&#x438;&#x43A;&#x438; &#x441;&#x43E;&#x432;&#x440;&#x435;&#x43C;&#x435;&#x43D;&#x43D;&#x438;&#x43A;&#x430;$e&#x446;&#x438;&#x43A;&#x43B;</subfield>
    <subfield code="t">&#x414;&#x43D;&#x435;&#x432;&#x43D;&#x438;&#x43A;&#x438; &#x441;&#x43E;&#x432;&#x440;&#x435;&#x43C;&#x435;&#x43D;&#x43D;&#x438;&#x43A;&#x430;</subfield>
  </datafield>
  <datafield tag="686" ind1="2" ind2=" ">
    <subfield code="a">&#x428;6(2=&#x420;)8-5</subfield>
  </datafield>
  <datafield tag="700" ind1=" " ind2="1">
    <subfield code="a">&#x428;&#x43E;&#x440;&#x441;&#x43A;&#x438;&#x43D;</subfield>
    <subfield code="b">&#x414;.&#x42E;.</subfield>
    <subfield code="g">&#x414;&#x43C;&#x438;&#x442;&#x440;&#x438;&#x439; &#x42E;&#x440;&#x44C;&#x435;&#x432;&#x438;&#x447;</subfield>
  </datafield>
  <datafield tag="942" ind1=" " ind2=" ">
    <subfield code="c">BOOK</subfield>
  </datafield>
  <datafield tag="980" ind1=" " ind2=" ">
    <subfield code="a">NBR</subfield>
  </datafield>
</record>
